000
00323nam a2200121Ia 4500
008
210430s9999 xx 000 0 und d
082
_a
327.51073 J415R
100
_a
Javed,Syed Hasan
245
_a
Rise Of China And The Asian Century
_c
Javed,Syed Hasan
260
_a
islamabad
_c
2011
300
_a
181p.
942
_c
BK
_2
ddc
999
_c
565875
_d
565875